000 00503nam a2200181Ia 4500
001 16376
005 20260306170305.0
008 260306t2018||||xx |||||||||||||| ||und||
041 _aESP
082 _a348.55
_bB25C
100 _aBarrio Andrés, Moisés
_eAUT
245 0 _aCiberderecho:
_bbases estructurales, modelos de regulación e instituciones de gobernanza de internet
260 _c2018
300 _a163 páginas :
_c22 cm.
650 _aGEN
654 _aCDE
942 _cLIB
_dJUS
_fJUS
_2ddc
_n
999 _c16376
_d16376